Ładuje się......

Genetics

Opis bibliograficzny
1. autor: Goodenough, Ursula
Format: Printed Book
Wydane: Philadelphia Saunders College Publishing 1984
Wydanie:3rd;Ed.
Hasła przedmiotowe:
Dostęp online:http://classify.oclc.org/classify2/ClassifyDemo?owi=20015978
LEADER 00578nam a2200169 4500
999 |c 149156  |d 149152 
020 |a 0030582121 
082 |a 575.1 GOO/G 
100 |a Goodenough, Ursula  |9 64074 
245 |a Genetics 
250 |a 3rd;Ed. 
260 |a Philadelphia   |b Saunders College Publishing  |c 1984 
300 |a 892p. 
650 |a Genetics--Génétique--Genetik.   |9 63960 
856 |u http://classify.oclc.org/classify2/ClassifyDemo?owi=20015978 
942 |c BK 
952 |0 0  |1 0  |4 0  |6 575_100000000000000_GOO_G  |7 0  |9 147985  |a SBS  |b SBS  |d 2017-10-17  |l 0  |o 575.1 GOO/G  |p SBS379  |r 2017-10-17  |w 2017-10-17  |y BK